[Event "SVK-chT1E 2223"]
[Site "Slovakia"]
[Date "2022.10.16"]
[Round "2.8"]
[White "Bilik, Matej"]
[Black "Kollar, Vladimir"]
[Result "1-0"]
[WhiteElo "1646"]
[BlackElo "1796"]
[PlyCount "77"]
[EventDate "2022.10.15"]
[EventType "team-tourn"]
[EventRounds "11"]
[EventCountry "SVK"]
[SourceTitle "EXT 2024"]
[Source "ChessBase"]
[SourceDate "2023.10.10"]
[SourceVersion "1"]
[SourceVersionDate "2023.10.10"]
[SourceQuality "1"]
[WhiteTeam "Humenne Reinter II"]
[BlackTeam "Dunajov Martin"]
[WhiteTeamCountry "SVK"]
[BlackTeamCountry "SVK"]

1. e4 e6 2. d4 d5 3. Nd2 f5 4. exf5 exf5 5. Ndf3 Nf6 6. Bd3 Be7 7. Ne2 0-0 8. 0-0 Ne4 9. c3 Nd7 10. Qb3 Ndf6 11. Re1 c6 12. Ne5 Kh8 13. c4 dxc4 14. Bxc4 Nd6 15. Nf4 Nxc4 16. Qxc4 Nd5 17. Nxd5 cxd5 18. Qb3 Bf6 19. Bd2 Kg8 20. Rac1 Re8 21. Bb4 Be6 22. Qg3 Rc8 23. Bc3 Qb6 24. Qd3 g6 25. f4 Kg7 26. Kh1 Bg8 27. Re3 Re6 28. Rce1 Rce8 29. Qd2 Qb5 30. a3 Qa4 31. Bb4 Rc8 32. b3 Qe8 33. Rc3 Bxe5 34. Rxe5 Rxe5 35. dxe5 Qb5 36. Kg1 Rxc3 37. Qxc3 Qe2 38. e6+ Kh6 39. Bf8+ 1-0

[Event "SVK-chT1E 2122"]
[Site "Slovakia"]
[Date "2022.01.30"]
[Round "2.7"]
[White "Lovcican, Tomas"]
[Black "Kollar, Vladimir"]
[Result "1-0"]
[WhiteElo "1989"]
[BlackElo "1843"]
[PlyCount "77"]
[EventDate "2022.01.29"]
[EventType "team-tourn"]
[EventRounds "11"]
[EventCountry "SVK"]
[SourceTitle "EXT 2023"]
[Source "ChessBase"]
[SourceDate "2022.10.05"]
[SourceVersion "1"]
[SourceVersionDate "2022.10.05"]
[SourceQuality "1"]
[WhiteTeam "Banska Bystrica Junior"]
[BlackTeam "Dunajov Inbest"]
[WhiteTeamCountry "SVK"]
[BlackTeamCountry "SVK"]

1. e4 e6 2. d3 d5 3. Nd2 f5 4. Qe2 Be7 5. Ngf3 Nh6 6. Ne5 0-0 7. Ndf3 Nf7 8. h4 Nxe5 9. Nxe5 Bf6 10. Bf4 Bxe5 11. Bxe5 Nc6 12. Bc3 e5 13. exf5 Rxf5 14. 0-0-0 d4 15. Bd2 Qd5 16. b3 a5 17. a4 Qc5 18. g4 Qa3+ 19. Kb1 Rf8 20. Bc1 Qc5 21. Bg2 Nb4 22. Ba3 Bd7 23. Rde1 Rae8 24. Bxb7 Rf4 25. g5 Qb6 26. Bxb4 Qxb4 27. Bd5+ Kh8 28. Ka2 Bxa4 29. Rd1 Bd7 30. Qd2 Qc5 31. Bc4 Rb8 32. Rb1 Rb4 33. Rhe1 a4 34. Rxe5 Qxe5 35. Qxb4 axb3+ 36. Bxb3 c5 37. Qc4 Rf8 38. Qd5 Qc7 39. Kb2 1-0

[Event "SVK-chT1E 1920"]
[Site "Slovakia"]
[Date "2019.12.07"]
[Round "5.8"]
[White "Galvanek, Ladislav"]
[Black "Kollar, Vladimir"]
[Result "1/2-1/2"]
[WhiteElo "1964"]
[BlackElo "1842"]
[PlyCount "26"]
[EventDate "2019.10.12"]
[EventType "team-tourn"]
[EventRounds "11"]
[EventCountry "SVK"]
[SourceTitle "CBM 194 Extra"]
[Source "ChessBase"]
[SourceDate "2020.03.31"]
[SourceVersion "1"]
[SourceVersionDate "2020.03.31"]
[SourceQuality "1"]
[WhiteTeam "Kysucke Nove Mesto"]
[BlackTeam "Dunajov Inbest II"]
[WhiteTeamCountry "SVK"]
[BlackTeamCountry "SVK"]

1. d4 Nf6 2. Bf4 d5 3. e3 e6 4. Nd2 Bd6 5. Bg3 Bxg3 6. hxg3 Nbd7 7. Ngf3 Qe7 8. c3 c6 9. Ne5 Nxe5 10. dxe5 Nd7 11. Nf3 f6 12. Bd3 f5 13. Bc2 0-0 1/2-1/2

[Event "SVK-chT1E 1819"]
[Site "Slovakia"]
[Date "2019.02.24"]
[Round "9.8"]
[White "Popovic, Martin"]
[Black "Kollar, Vladimir"]
[Result "1-0"]
[WhiteElo "1916"]
[BlackElo "1885"]
[PlyCount "55"]
[EventDate "2018.10.27"]
[EventType "team-tourn"]
[EventRounds "11"]
[EventCountry "SVK"]
[SourceTitle "CBM 189 Extra"]
[Source "ChessBase"]
[SourceDate "2019.06.03"]
[SourceVersion "1"]
[SourceVersionDate "2019.06.03"]
[SourceQuality "1"]
[WhiteTeam "Kosice Slavia TU II"]
[BlackTeam "Dunajov Inbest II"]
[WhiteTeamCountry "SVK"]
[BlackTeamCountry "SVK"]

1. e4 d5 2. exd5 Qxd5 3. Nc3 Qd6 4. d4 Nf6 5. Nf3 a6 6. g3 b5 7. Bg2 Bb7 8. 0-0 e6 9. Bf4 Qd8 10. Re1 Be7 11. Ne5 Bxg2 12. Kxg2 0-0 13. Qf3 Nd5 14. Nxd5 exd5 15. Qg4 Kh8 16. Qh5 g6 17. Qh3 Bf6 18. Rad1 Bg7 19. Re2 c6 20. Rde1 Qf6 21. Nf3 Qd8 22. Ng5 h6 23. Nxf7+ Rxf7 24. Re8+ Qxe8 25. Rxe8+ Kh7 26. Rxb8 Rxb8 27. Bxb8 Bxd4 28. f4 1-0

[Event "SVK-chT1E 1819"]
[Site "Slovakia"]
[Date "2019.02.23"]
[Round "8.8"]
[White "Kollar, Vladimir"]
[Black "Vrbova, Niki"]
[Result "0-1"]
[WhiteElo "1885"]
[BlackElo "2163"]
[PlyCount "86"]
[EventDate "2018.10.27"]
[EventType "team-tourn"]
[EventRounds "11"]
[EventCountry "SVK"]
[SourceTitle "CBM 189 Extra"]
[Source "ChessBase"]
[SourceDate "2019.06.03"]
[SourceVersion "1"]
[SourceVersionDate "2019.06.03"]
[SourceQuality "1"]
[WhiteTeam "Dunajov Inbest II"]
[BlackTeam "Kosice Slavia UPJS"]
[WhiteTeamCountry "SVK"]
[BlackTeamCountry "SVK"]

1. d4 d5 2. c4 c6 3. e3 Nf6 4. Nc3 g6 5. Nf3 Bg7 6. Bd3 0-0 7. 0-0 Nbd7 8. b3 dxc4 9. bxc4 Qa5 10. Bd2 Qc7 11. Rc1 e5 12. Nxe5 Nxe5 13. dxe5 Qxe5 14. Be2 Rd8 15. Qe1 Bf5 16. Nb1 Qb2 17. Bc3 Qxa2 18. Nd2 Qa3 19. f3 Bd3 20. Nb1 Qe7 21. Qf2 Nh5 22. Rfe1 Bxb1 23. Bxg7 Nxg7 24. Rxb1 Ne6 25. Bf1 Rd7 26. h4 Rad8 27. Qg3 Ng7 28. e4 Rd4 29. Qf2 h5 30. Ra1 b6 31. Ra2 Rd1 32. Rae2 Ne6 33. f4 Qc5 34. Qxc5 Nxc5 35. Re3 Rxe1 36. Rxe1 Rd4 37. Ra1 a6 38. Rb1 b5 39. cxb5 cxb5 40. g3 Nxe4 41. Kg2 Kg7 42. Ra1 Ra4 43. Rxa4 bxa4 0-1

[Event "SVK-chT1E 1819"]
[Site "Slovakia"]
[Date "2018.11.24"]
[Round "3.8"]
[White "Kovac, Stefan"]
[Black "Kollar, Vladimir"]
[Result "1/2-1/2"]
[WhiteElo "1759"]
[BlackElo "1905"]
[PlyCount "33"]
[EventDate "2018.10.27"]
[EventType "team-tourn"]
[EventRounds "11"]
[EventCountry "SVK"]
[SourceTitle "CBM 188 Extra"]
[Source "ChessBase"]
[SourceDate "2019.02.26"]
[SourceVersion "1"]
[SourceVersionDate "2019.02.26"]
[SourceQuality "1"]
[WhiteTeam "Michalovce Zemplin"]
[BlackTeam "Dunajov Inbest II"]
[WhiteTeamCountry "SVK"]
[BlackTeamCountry "SVK"]

1. e4 Nf6 2. Nc3 e5 3. d3 Nc6 4. Nf3 d5 5. exd5 Nxd5 6. g3 Be7 7. Bg2 Be6 8. 0-0 0-0 9. Bd2 h6 10. h3 Qd7 11. Kh2 Rad8 12. g4 f5 13. Qe2 Nd4 14. Nxd4 exd4 15. Nxd5 Bxd5 16. Bxd5+ Qxd5 17. Qxe7 1/2-1/2

[Event "SVK-chT2C 1617"]
[Site "Slovakia"]
[Date "2016.11.06"]
[Round "4.7"]
[White "Galbavy, Dusan"]
[Black "Kollar, Vladimir"]
[Result "0-1"]
[WhiteElo "1777"]
[BlackElo "1941"]
[PlyCount "50"]
[EventDate "2016.10.08"]
[EventType "team-tourn"]
[EventRounds "11"]
[EventCountry "SVK"]
[SourceTitle "CBM 175 Extra"]
[Source "ChessBase"]
[SourceDate "2016.12.12"]
[SourceVersion "1"]
[SourceVersionDate "2016.12.12"]
[SourceQuality "1"]
[WhiteTeam "Martin Medea"]
[BlackTeam "Dunajov Inbest II"]
[WhiteTeamCountry "SVK"]
[BlackTeamCountry "SVK"]

1. e4 e5 2. f4 exf4 3. Nf3 g5 4. h4 g4 5. Ne5 h5 6. Bc4 Nh6 7. d4 d6 8. Nd3 Bg7 9. Nxf4 Ng8 10. Be3 Nf6 11. Qd3 Qe7 12. Nd2 Nc6 13. c3 a6 14. Bb3 Bd7 15. Bc2 Kf8 16. 0-0 Re8 17. Rae1 Qd8 18. g3 Kg8 19. b4 Rf8 20. Bb3 Qc8 21. Ng6 Be6 22. Bxe6 Qxe6 23. Nxf8 Kxf8 24. d5 Ne5 25. Qc2 Qe8 0-1

[Event "SVK-chT 1617"]
[Site "Slovakia"]
[Date "2016.10.22"]
[Round "1.2"]
[White "Kollar, Vladimir"]
[Black "Pcola, Jaroslav"]
[Result "1/2-1/2"]
[WhiteElo "1909"]
[BlackElo "1935"]
[PlyCount "24"]
[EventDate "2016.10.22"]
[EventType "team-tourn"]
[EventRounds "11"]
[EventCountry "SVK"]
[SourceTitle "CBM 175 Extra"]
[Source "ChessBase"]
[SourceDate "2016.12.12"]
[SourceVersion "1"]
[SourceVersionDate "2016.12.12"]
[SourceQuality "1"]
[WhiteTeam "Dunajov Inbest"]
[BlackTeam "Humenne Reinter"]
[WhiteTeamCountry "SVK"]
[BlackTeamCountry "SVK"]

1. c4 c5 2. Nc3 g6 3. g3 Bg7 4. Bg2 Nc6 5. Nf3 Nh6 6. 0-0 Nf5 7. b3 0-0 8. Bb2 e6 9. Ne1 Rb8 10. Nc2 a6 11. Qc1 d6 12. d3 Qc7 1/2-1/2

[Event "SVK-chT2C 1516"]
[Site "Slovakia"]
[Date "2015.11.07"]
[Round "3.4"]
[White "Minich, Miroslav"]
[Black "Kollar, Vladimir"]
[Result "1/2-1/2"]
[WhiteElo "1928"]
[BlackElo "1885"]
[PlyCount "65"]
[EventDate "2015.10.17"]
[EventType "team-tourn"]
[EventRounds "11"]
[EventCountry "SVK"]
[SourceTitle "CBM 169 Extra"]
[Source "ChessBase"]
[SourceDate "2015.12.18"]
[SourceVersion "1"]
[SourceVersionDate "2015.12.18"]
[SourceQuality "1"]
[WhiteTeam "Banska Bystrica Veza"]
[BlackTeam "Dunajov Inbest II"]
[WhiteTeamCountry "SVK"]
[BlackTeamCountry "SVK"]

1. c4 e5 2. g3 Nf6 3. Bg2 d5 4. cxd5 Nxd5 5. Nc3 Be6 6. Nf3 Nc6 7. 0-0 Be7 8. d3 0-0 9. Bd2 Kh8 10. Qc1 f6 11. Ne4 Qd7 12. Nc5 Bxc5 13. Qxc5 Nce7 14. Rfc1 c6 15. a4 b6 16. Qa3 Rac8 17. a5 Nc7 18. axb6 axb6 19. Qa7 Rb8 20. Qa4 Ra8 21. Qc2 Nb5 22. Bb4 Rxa1 23. Rxa1 c5 24. Bd2 Nf5 25. e3 Rd8 26. Bf1 Nfd6 27. b4 Rc8 28. bxc5 bxc5 29. Qa4 h6 30. Rc1 Bd5 31. Nh4 Ra8 32. Qd1 Rc8 33. Qa4 1/2-1/2

[Event "SVK-chT 1516"]
[Site "Slovakia"]
[Date "2015.10.11"]
[Round "2.8"]
[White "Tropp, Frantisek"]
[Black "Kollar, Vladimir"]
[Result "1-0"]
[WhiteElo "2093"]
[BlackElo "1955"]
[PlyCount "65"]
[EventDate "2015.10.10"]
[EventType "team-tourn"]
[EventRounds "11"]
[EventCountry "SVK"]
[SourceTitle "CBM 168 Extra"]
[Source "ChessBase"]
[SourceDate "2015.10.29"]
[SourceVersion "1"]
[SourceVersionDate "2015.10.29"]
[SourceQuality "1"]
[WhiteTeam "Liptov Chess School"]
[BlackTeam "Dunajov Inbest"]
[WhiteTeamCountry "SVK"]
[BlackTeamCountry "SVK"]

1. e4 e6 2. d4 d5 3. e5 c5 4. c3 Nc6 5. Nf3 Be7 6. Bd3 Bd7 7. 0-0 a6 8. Nbd2 Qb6 9. dxc5 Bxc5 10. Nb3 Be7 11. Be3 Qc7 12. Bf4 g6 13. Re1 Bf8 14. Qd2 Bg7 15. Qe3 Nge7 16. Rac1 0-0 17. Rcd1 Rfc8 18. Bh6 Na5 19. Bxg7 Kxg7 20. Qg5 Ng8 21. Nbd4 Nc4 22. Rb1 Qc5 23. h4 Qe7 24. Qf4 b5 25. h5 Rab8 26. hxg6 hxg6 27. g4 a5 28. Kg2 b4 29. Rh1 bxc3 30. Ng5 Be8 31. Ndxe6+ Qxe6 32. Rh7+ Kf8 33. Nxe6+ 1-0

[Event "SVK-chT 1516"]
[Site "Slovakia"]
[Date "2015.10.10"]
[Round "1.5"]
[White "Kollar, Vladimir"]
[Black "Podoba, Milan"]
[Result "0-1"]
[WhiteElo "1955"]
[BlackElo "2100"]
[PlyCount "124"]
[EventDate "2015.10.10"]
[EventType "team-tourn"]
[EventRounds "11"]
[EventCountry "SVK"]
[SourceTitle "CBM 168 Extra"]
[Source "ChessBase"]
[SourceDate "2015.10.29"]
[SourceVersion "1"]
[SourceVersionDate "2015.10.29"]
[SourceQuality "1"]
[WhiteTeam "Dunajov Inbest"]
[BlackTeam "Dubnica nad Vahom"]
[WhiteTeamCountry "SVK"]
[BlackTeamCountry "SVK"]

1. d4 d5 2. Nf3 Nf6 3. c4 c6 4. Nc3 e6 5. e3 Nbd7 6. Bd3 dxc4 7. Bxc4 b5 8. Bd3 Bb7 9. 0-0 a6 10. e4 c5 11. Bg5 cxd4 12. Nxd4 Be7 13. Bc2 b4 14. Bxf6 Nxf6 15. Ba4+ Nd7 16. Nce2 Bxe4 17. Nxe6 fxe6 18. Nf4 Bf5 19. g4 0-0 20. Bxd7 Bxg4 21. Qxg4 Qxd7 22. Rad1 Qc6 23. Nxe6 Rf7 24. Rc1 Qb6 25. Rc4 Re8 26. Rf4 g6 27. Re1 Bf6 28. Rxb4 Qd6 29. Rbe4 Bxb2 30. Ng5 Rfe7 31. Rxe7 Rxe7 32. Qc4+ Kf8 33. Rxe7 Qxe7 34. Qf4+ Kg7 35. Nf3 Qf7 36. Qxf7+ Kxf7 37. Kf1 Kf6 38. Ke2 Kf5 39. h3 Kf4 40. Ne1 Ba3 41. Ng2+ Ke4 42. Ne1 Bd6 43. Nc2 Bc5 44. Na1 Kd5 45. Nb3 Bb6 46. Nd2 Kd4 47. Nf3+ Kc3 48. Nd2 Bd8 49. Ne4+ Kb2 50. Nc5 a5 51. Ne6 Be7 52. Kd3 Kxa2 53. Kc2 Ka3 54. Nd4 Bc5 55. Ne6 Bxf2 56. Nf8 Bc5 57. Nxh7 Be7 58. Kc3 a4 59. Kc2 Kb4 60. Kb2 Kc4 61. Ka2 Kd3 62. h4 Ke3 0-1

[Event "SVK-chT2C 1314"]
[Site "Slovakia"]
[Date "2014.02.01"]
[Round "7.5"]
[White "Kollar, Vladimir"]
[Black "Hlavac, Peter"]
[Result "1/2-1/2"]
[WhiteElo "2035"]
[BlackElo "1986"]
[PlyCount "70"]
[EventDate "2013.10.19"]
[EventType "team-tourn"]
[EventRounds "11"]
[EventCountry "SVK"]
[SourceTitle "EXT 2015"]
[Source "ChessBase"]
[SourceDate "2014.11.20"]
[SourceVersion "1"]
[SourceVersionDate "2014.11.20"]
[SourceQuality "1"]
[WhiteTeam "Dunajov II"]
[BlackTeam "Rajecke Teplice"]
[WhiteTeamCountry "SVK"]
[BlackTeamCountry "SVK"]

1. e4 Nc6 2. d4 d5 3. exd5 Qxd5 4. Nf3 e5 5. Be3 Bg4 6. Be2 e4 7. Ng1 Bf5 8. c4 Bb4+ 9. Nc3 Qa5 10. Qc1 Nf6 11. a3 Bxc3+ 12. bxc3 a6 13. Qb2 Rb8 14. h3 0-0 15. Bd1 b5 16. c5 Be6 17. Ne2 Bc4 18. 0-0 Nd5 19. Rc1 f5 20. g3 Nce7 21. Re1 c6 22. Nf4 Nxe3 23. fxe3 g5 24. Ng2 Ng6 25. Bh5 Qc7 26. Qf2 Be6 27. Be2 f4 28. gxf4 gxf4 29. exf4 Nxf4 30. Nxf4 Rxf4 31. Qg2+ Kh8 32. Rf1 Rxf1+ 33. Rxf1 Qg7 34. Qxg7+ Kxg7 35. Kh2 Re8 1/2-1/2

[Event "SVK-chT2C 1314"]
[Site "Slovakia"]
[Date "2013.11.24"]
[Round "4.5"]
[White "Uhrincat, Ivan"]
[Black "Kollar, Vladimir"]
[Result "0-1"]
[WhiteElo "2028"]
[BlackElo "2035"]
[PlyCount "134"]
[EventDate "2013.10.19"]
[EventType "team-tourn"]
[EventRounds "11"]
[EventCountry "SVK"]
[SourceTitle "EXT 2015"]
[Source "ChessBase"]
[SourceDate "2014.11.20"]
[SourceVersion "1"]
[SourceVersionDate "2014.11.20"]
[SourceQuality "1"]
[WhiteTeam "Banska Bystrica Kurta"]
[BlackTeam "Dunajov II"]
[WhiteTeamCountry "SVK"]
[BlackTeamCountry "SVK"]

1. d4 Nf6 2. c4 e6 3. Nc3 d5 4. cxd5 exd5 5. Bg5 Nbd7 6. e3 c6 7. Bd3 Be7 8. Nf3 0-0 9. 0-0 h6 10. Bh4 b6 11. Rb1 c5 12. b3 Bb7 13. Qe2 Ne4 14. Bxe7 Qxe7 15. Rbc1 Rac8 16. dxc5 Ndxc5 17. Nb5 Ba6 18. Nfd4 Rfd8 19. Rfd1 Qb7 20. h3 Nxd3 21. Qxd3 Qd7 22. a4 Nc5 23. Qf5 Ne6 24. Qg4 Rc5 25. Nxe6 fxe6 26. Nd4 Bc8 27. Qh4 Rf8 28. Nf3 Qc7 29. Rxc5 bxc5 30. Rc1 Qd6 31. Qh5 Ba6 32. Ne5 Bb7 33. Ng4 Kh7 34. Ne5 Rf6 35. h4 g6 36. Qg4 Qxe5 37. Rxc5 Rf7 38. a5 Qf5 39. Qg3 Ba6 40. Rc7 Bb5 41. Rxf7+ Qxf7 42. Qe5 a6 43. g4 Be2 44. g5 hxg5 45. hxg5 Bh5 46. f4 Bg4 47. b4 Be2 48. Kf2 Bb5 49. Ke1 Qg7 50. Kd2 Qxe5 51. fxe5 Kg7 52. Kc3 Kf7 53. Kd4 Ke7 54. Kc5 Kd7 55. Kb6 Be2 56. Kb7 Bb5 57. Kb8 Kc6 58. Kc8 d4 59. exd4 Kd5 60. Kc7 Kxd4 61. Kd6 Bc4 62. b5 axb5 63. a6 b4 64. a7 Bd5 65. a8Q Bxa8 66. Kxe6 b3 67. Kf6 b2 0-1

[Event "Zilina Region-ch"]
[Site "Zilina"]
[Date "2013.05.19"]
[Round "5"]
[White "Hrtko, Vladimir"]
[Black "Kollar, Vladimir"]
[Result "0-1"]
[WhiteElo "2166"]
[BlackElo "2019"]
[PlyCount "163"]
[EventDate "2013.05.17"]
[EventType "swiss"]
[EventRounds "6"]
[EventCountry "SVK"]
[SourceTitle "CBM 154 Extra"]
[Source "ChessBase"]
[SourceDate "2013.06.25"]
[SourceVersion "2"]
[SourceVersionDate "2013.06.25"]
[SourceQuality "1"]

1. d4 Nf6 2. c4 e6 3. Nf3 d5 4. Nc3 Nbd7 5. Bg5 Be7 6. e3 c6 7. Rc1 0-0 8. Bd3 h6 9. Bh4 Re8 10. 0-0 b6 11. cxd5 exd5 12. Bb1 Bb7 13. Qc2 Nf8 14. Ne5 N6d7 15. Bxe7 Qxe7 16. Nxd7 Qxd7 17. b4 Rac8 18. a4 Qe7 19. Qb3 Red8 20. a5 Ne6 21. axb6 axb6 22. Na4 Rb8 23. Bd3 Ba8 24. Rc2 c5 25. Bf5 c4 26. Qb2 Ng5 27. h4 Ne4 28. Bxe4 Qxe4 29. g3 Bc6 30. Nc3 Qf3 31. Rcc1 Ra8 32. Ra1 Bd7 33. Qe2 Bg4 34. Qxf3 Bxf3 35. b5 Kf8 36. Ra6 Rxa6 37. bxa6 Ra8 38. Ra1 Ke7 39. a7 Kd6 40. Rb1 Kc6 41. Nb5 Bg4 42. Kf1 Bc8 43. f3 Ba6 44. Nc3 Rxa7 45. e4 dxe4 46. fxe4 b5 47. Ke2 Rd7 48. Ke3 f6 49. Rb2 Rb7 50. Rb4 Kb6 51. Kd2 Ka5 52. Nd5 Rb8 53. Kc3 Bb7 54. Ne3 Bxe4 55. Nxc4+ Ka6 56. Nd6 Bd5 57. Rb1 Bc6 58. Kb4 Kb6 59. Rd1 Ra8 60. Nf5 Ra7 61. d5 Bd7 62. Nd4 Ra4+ 63. Kc3 Rc4+ 64. Kb3 Kc5 65. Ne6+ Bxe6 66. dxe6 Re4 67. Rd7 Re3+ 68. Kb2 Rxg3 69. e7 Re3 70. e8Q Rxe8 71. Rxg7 Re4 72. Rg6 Rxh4 73. Rxf6 Kb4 74. Rf8 Rh2+ 75. Kb1 h5 76. Rf4+ Ka5 77. Rf5 Ka4 78. Rf4+ b4 79. Re4 Ka3 80. Re7 h4 81. Rd7 h3 82. Re7 0-1

[Event "Zilina Region-ch"]
[Site "Zilina"]
[Date "2013.05.17"]
[Round "1"]
[White "Kollar, Vladimir"]
[Black "Paluch, Stefan"]
[Result "1-0"]
[WhiteElo "2019"]
[BlackElo "1870"]
[PlyCount "39"]
[EventDate "2013.05.17"]
[EventType "swiss"]
[EventRounds "6"]
[EventCountry "SVK"]
[SourceTitle "CBM 154 Extra"]
[Source "ChessBase"]
[SourceDate "2013.06.25"]
[SourceVersion "2"]
[SourceVersionDate "2013.06.25"]
[SourceQuality "1"]

1. e4 c5 2. c3 Nc6 3. d4 cxd4 4. cxd4 d6 5. Nf3 e6 6. Nc3 a6 7. Be3 Be7 8. Rc1 Nf6 9. h3 Nd7 10. Bd3 h6 11. 0-0 Bf6 12. Bb1 e5 13. Nd5 Nb6 14. Nxb6 Qxb6 15. dxe5 Qxb2 16. exf6 Qxf6 17. Nd4 Ne5 18. f4 Ng6 19. Nf5 0-0 20. Bd4 1-0